zpět

Detail výsledku týmu

Kozlovna S-klub, Olomouc

Datum a čas kvízu

37.5 Celkem bodů Celkový počet nahraných bodů na tomto kvízu bez doplňovacích otázek.
5. Pořadí na kvízu Konečné umístění týmu na tomto kvízu.

Zaznamenané odpovědi

# Otázka Odpověď Body Výsledky
1. Ministr kultury Ota Klempíř ro... každou první neděli v měsíci 1
2. Ve čtvrtek krátce po půlnoci s... Artemis II 1
3. Která česká zpěvačka a herečka... Marta Jandová 1
4. Vláda kterého evropského státu... Polska 0
5. Který slavný sportovec minulý... Tiger Woods 0
6. Vítězné téma facebookového hla... 1C 2A 3B 4D 1
7. Ve Formuli 1 můžeme občas zazn... A 0
8. Velká cena Monaka 1996 drží je... 3 piloti (uznáváme 2 až 4) 1
9. Tato stáj působila ve Formuli... Brawn GP 0
10. Ve kterém státě se nachází záv... v Japonsku 0